000 00509nam a2200181Ia 4500
005 20250508163113.0
008 008 250505s9999 xx 000 0 eng d
037 _aTextual
040 _aFEDL
_beng
_cFEDL
041 _aeng
_2eng
084 _a821, SHE
_qFEDL
100 _aBaker Carlos Ed.
245 0 _aSelected poetryand prose of percy bysshe shelley
260 _aNew York, USA
_bThe Modern Library
_c1951
300 _axx,523p.
942 _cTEXL
_h821, SHE
999 _c1380846
_d1380846